| 000 | 00519nam a2200181 4500 | ||
|---|---|---|---|
| 008 | 0 1995 0a 000 0MEX | ||
| 020 | _a968-24-3371-1 | ||
| 050 | _aQH325 L39 | ||
| 082 | _a577 L145o | ||
| 100 | _aLazcano, Araujo Antonio | ||
| 245 | _aEl Origen de la Vida : Evlolución Química y Evolución Biológica | ||
| 250 | _a4 | ||
| 260 | _aMéxico : Trillas | ||
| 300 | _a107 p. / 23cm | ||
| 440 | _aSerie Concepciones | ||
| 500 | _aIncluye Glosario y Bibliografía | ||
| 650 | _a1. VIDA - ORIGEN | ||
| 999 |
_c14270 _d14270 |
||